000
00318nam a22001457a 4500
020
_a
978-1-40939-077-0
082
_a
823
_b
HOL/M
100
_a
HOLOWATY, LAUREN
245
_a
MONSHI MONSTERS
260
_a
LONDON
_b
PENGUIN BOOKS
_c
2011
300
_a
77
520
_a
SHORT STORY
650
_a
SHORT STORY
942
_c
BK
999
_c
6020
_d
6020